Tell el-Borg II : excavations in North Sinai /
"The second and final volume of scientific and interdisciplinary reports on the excavations and research conducted at Tell el-Borg, north Sinai, between 1998 and 2008, focusing on cemetery areas"--Provided by publisher.
Other Authors: ,
Format: Book
Language: English
Published:
University Park, PA :
Eisenbrauns,
[2019]
Subjects:
Tags: Add Tag
Call Number: DT73 .T26 T48
| LEADER | 02785nam a22003977a 4500 | ||
|---|---|---|---|
| 003 | OSt | ||
| 005 | 20260505051717.0 | ||
| 008 | 260505t20192019pauab b 000 0 eng c | ||
| 010 | |a 2018058559 | ||
| 020 | |a 9781575069883 |q cloth : alk. paper | ||
| 035 | |a 20774587 | ||
| 040 | |a PSt/DLC |b eng |c PSt |e rda |d DLC | ||
| 042 | |a pcc | ||
| 043 | |a f-ua--- | ||
| 050 | 1 | 4 | |a DT73 .T26 |b T48 |
| 082 | 0 | 0 | |a 939.4/8 |2 23 |
| 245 | 0 | 0 | |a Tell el-Borg II : |b excavations in North Sinai / |c edited by James K. Hoffmeier ; with contributions by Louise Bertini [and 12 others]. |
| 264 | 1 | |a University Park, PA : |b Eisenbrauns, |c [2019] | |
| 264 | 4 | |c ©2019 | |
| 300 | |a xiv, 439 pages : |b illustrations, maps ; |c 29 cm | ||
| 336 | |a text |2 rdacontent |b txt | ||
| 337 | |a unmediated |2 rdamedia |b n | ||
| 338 | |a volume |2 rdacarrier |b n | ||
| 504 | |a Includes bibliographical references. | ||
| 505 | 0 | |a A brief summary of a decade of research in North Sinai and Tell el-Borg / James K. Hoffmeier -- Geological investigation of the Ballah Depression, northern Suez Canal Zone, Egypt / Stephen Moshier and Bahaa Gayed -- Public space at Tell el-Bird : field II, areas 1-3 / Gregory D. Mumford -- The funerary area : field III, the "eastern cemetery" / Scott D. Haddow and James K. Hoffmeier -- Clay coffins from Tell el-Borg / Mark Janzen -- The western cemetery / Scott Haddow and James K. Hoffmeier -- Field VI : the domestic space / Thomas W. Davis -- Mapping an ancient Egyptian highway of North Sinai : the ways of Horus / Hesham M. Hussein -- Identification and provenance of elite stones found at Tell el-Borg / Stephen O. Moshier -- Lithics/chipped stone implements from Tell el-Borg / Carole McCartney -- Report on the charred plant remains at Tell el-Borg / Claire Malleson -- Faunal report on the first three seasons of excavations (2000-2002) / Michelle A. Loyet -- The faunal remains from the 2004-2007 excavations at Tell el-Borg / Louise Bertini -- The equid remains from Tell el-Borg / Salima Ikram -- Reflections on a decade of research and excavations at Tell el-Borg and its environs (1998-2008) / James K. Hoffmeier. | |
| 520 | |a "The second and final volume of scientific and interdisciplinary reports on the excavations and research conducted at Tell el-Borg, north Sinai, between 1998 and 2008, focusing on cemetery areas"--Provided by publisher. | ||
| 650 | 0 | |a Excavations (Archaeology) |z Egypt |z Sinai. | |
| 650 | 0 | |a Cemeteries |z Egypt |z Sinai. | |
| 651 | 0 | |a Tell el-Borg Site (Egypt) | |
| 651 | 0 | |a Sinai (Egypt) |x Antiquities. | |
| 700 | 1 | |a Hoffmeier, James Karl, |d 1951- |e editor. | |
| 700 | 1 | |a Bertini, Louise, |e contributor. | |
| 906 | |a 7 |b cbc |c orignew |d 1 |e ecip |f 20 |g y-gencatlg | ||
| 942 | |2 lcc |c BK | ||
| 955 | |a PSt |a xn11 2019-05-24 1 copy rec'd., to CIP ver. | ||
| 999 | |c 62231 |d 62231 | ||
